Ultimate Modern Family Episode Quiz - Statistics

General Stats
  • This quiz has been taken 92 times
  • The average score is 32 of 248
Answer Stats
Season Episode Story Hint Letter Hint Answer % Correct
1 1 "kids! breakfast!" P Pilot
98%
2 6 Halloween 1 H Halloween
43%
1 23 Vacation 1 H Hawaii
43%
3 1 Vacation 2 DR Dude Ranch
38%
4 11 New Year's 1/Vacation 3 NYE New Year's Eve
38%
1 2 tough love TBT The Bicycle Thief
38%
1 24 say cheese FP Family Portrait
36%
1 9 classically-trained Auguste F Fizbo
36%
4 3 "is it a vasecto-you, or vesecto-me?" S Snip
36%
5 23 goin' to the chapel... TW The Wedding
36%
11 17 the never-ending goodbye F Finale
34%
11 9 Christmas 6 TLC The Last Christmas
34%
11 5 Halloween 7 TLH The Last Halloween
34%
11 7 Thanksgiving 5 TLT The Last Thanksgiving
34%
1 10 Christmas 1 UTH Undeck the Halls
34%
1 5 feeling unwelcome CD Coal Digger
32%
5 20 Vacation 4 A Australia
30%
3 22 the Dapper Dan D Disneyland
30%
3 19 the choice is Claire ED Election Day
30%
11 13 Vacation 8 P Paris
30%
5 18 Excelsior Plus LV Las Vegas
28%
2 8 born sixteen MGYG Manny Get Your Gun
28%
2 21 holiday hike MD Mother's Day
28%
1 4 moving to French Canada TI The Incident
28%
7 9 Christmas 4/Vacation 5 WC White Christmas
28%
4 6 enter Uncle Grumpy YS Yard Sale
28%
1 3 threading the needle CFWM Come Fly With Me
26%
6 16 the one on Claire's laptop CL Connection Lost
26%
3 10 Christmas 2 EC Express Christmas
26%
3 6 "you're not the first girl to leave me at this table with a bucket of wings..." GB Go Bullfrogs!
26%
6 21 the "bonerface" I Integrity
26%
11 14 potato restaurant S Spuds
26%
8 16 Phil meets NBA B Basketball
23%
5 8 skeletons at the conference CC# ClosetCon '13
23%
4 13 "we're not calling him that." F Fulgencio
23%
6 19 gifted grill and a handsome doctor GI Grill, Interrupted
23%
11 1 generational parenting philosophies NKOTB New Kids on the Block
23%
2 2 Pritchett & PDA TK The Kiss
23%
2 7 "beep, you're not a man!" C Chirp
21%
3 17 don't talk about The Cycle LD Leap Day
21%
3 11 razor blades LS Lifetime Supply
21%
3 18 Fizbo and Lewis SOTC Send Out the Clowns
21%
6 11 YOLO TDWAD The Day We Almost Died
21%
4 17 Sal in white BM Best Men
19%
1 7 a Pritchett champion EG En Garde
19%
2 15 an old flame crashes fairytale festivities PP Princess Party
19%
1 6 first day of school RFYW Run for Your Wife
19%
11 2 is Gloria crazy? S Snapped
19%
4 7 "...go wildcats?" A Arrested
17%
10 22 new addition(s) AYOB A Year of Birthdays
17%
2 14 Valentine's Day 2 BB Bixby's Back
17%
4 21 Gil Pickle CD Career Day
17%
8 13 deleting Log Buddy DIY Do It Yourself
17%
8 15 bowling rivalries and a stolen persona FF Finding Fizbo
17%
8 19 gangster attire optional FW Frank's Wedding
17%
6 10 cars, tattoos, and "first" drinks H#B Haley's 21st Birthday
17%
1 14 locker room complications ML Moon Landing
17%
7 20 Cam tries to rewrite a high-school trauma P Promposal
17%
2 11 crazy neighbor SDYN Slow Down Your Neighbors
17%
1 18 "shotgun, sucker!" SN Starry Night
17%
10 15 two celebrations, one house SSBB SuperShowerBabyBowl
17%
8 22 Graduation 3 TG The Graduates
17%
7 18 ~special~ gummy bears TP The Party
17%
10 17 in search of a bald eagle TW The Wild
17%
2 5 talking to a bar of soap U Unplugged
17%
4 16 baby Joe gets to be a model BHD Bad Hair Day
15%
4 1 one big surprise BUB Bringing Up Baby
15%
6 17 inscrutable slogan CYLI Closet? You'll Love It!
15%
9 18 the paternity of Gloria and Sonia DI Daddy Issues
15%
6 20 making Jay play for another team KED Knock 'Em Down
15%
1 12 Barkley, blame, and bleeding-heart syndrome NIMH Not in My House
15%
3 9 Thanksgiving 1 PC Punkin Chunkin
15%
2 4 bike shorts and bad jokes SOAT Strangers on a Treadmill
15%
8 8 orange juice TA The Alliance
15%
3 7 Phil and a nail gun T Treehouse
15%
2 17 "...adopted (*clap* *clap*)..." TMAAP Two Monkeys and a Panda
15%
1 22 surprises and sourness A# Airport 2010
13%
2 18 Jay and the Four Seasons BN Boys' Night
13%
7 8 playing with each other's pogo sticks COYJD Clean Out Your Junk Drawer
13%
6 2 a college tour DNP Do Not Push
13%
2 3 Cam the mob wife E Earthquake
13%
4 24 fireworks and a funeral GG Goodnight Gracie
13%
6 6 Halloween 3: A Halloween 3: Awesomeland
13%
9 1 Vacation 7 LL Lake Life
13%
3 13 speeches, swears, and faux-pas LBB Little Bo Bleep
13%
6 4 motel life MP Marco Polo
13%
9 20 turning mothers into monsters M Mother!
13%
2 9 Barb and boundaries MT Mother Tucker
13%
1 15 Valentine's Day 1 MFV My Funky Valentine
13%
2 23 Graduation 1 SYNF See You Next Fall
13%
5 21 narcolepsy S Sleeper
13%
7 2 a school of Alex-es TDALFC The Day Alex Left for College
13%
11 10 modern living TP The Prescott
13%
7 5 Gloria the Judge TV The Verdict
13%
9 16 a moose and a tiara mystery WW Wine Weekend
13%
8 1 Vacation 6 ATOTC A Tale of Three Cities
11%
3 15 drunken genetics AM Aunt Mommy
11%
3 24 telanovella BOB Baby on Board
11%
9 22 cosplay and dinosaurs COS Clash of Swords
11%
3 4 wrapping paper and a stop sign DTD Door to Door
11%
8 12 Valentine's Day 5 DYBIM Do You Believe in Magic
11%
1 16 backyard archeology F Fears
11%
8 18 gate 2323 FM Five Minutes
11%
4 20 Zack's dream house FF Flip Flop
11%
2 22 meet Stella GCBD Good Cop Bad Dog
11%
9 11 fighting the cult-de-sac HSSS He Said, She Shed
11%
7 15 all it takes is one kiss-up from marketing IDKHSDI I Don't Know How She Does It
11%
10 1 Fourth of July ILAP I Love a Parade
11%
9 13 where's Luke? IYH In Your Head
11%
5 14 drone-parents i iSpy
11%
7 19 the Christian rock band MSL Man Shouldn't Lie
11%
2 12 mini-Mitch? OCO Our Children, Ourselves
11%
4 2 Phil's-osophies S Schooled
11%
5 16 floral fling feud SADF Spring-a-Ding-Fling
11%
6 18 the Harvard rejection SB Spring Break
11%
8 7 Thanksgiving 3 TJ Thanksgiving Jamboree
11%
6 3 patient zero TC The Cold
11%
5 15 animosity at a school wrestling match TF The Feud
11%
4 19 ghosts of children future and past TFD The Future Dunphys
11%
5 6 a new manny TH The Help
11%
3 20 bad news, big smiles TLW The Last Walt
11%
5 5 "let'sgolet'sgolet'sgolet'sgolet'sgo!" TLS The Late Show
11%
9 2 Manny moves out TLG The Long Goodbye
11%
6 1 perfect plums TLH The Long Honeymoon
11%
2 19 "we love the F word" TMM The Musical Man
11%
2 1 time machine TOW The Old Wagon
11%
6 8 Thanksgiving 2 TT Three Turkeys
11%
5 12 Stressed Sixteen UP Under Pressure
11%
3 16 Hayley's aversion VT Virgin Territory
11%
3 2 super-Dunphys WGKGB When Good Kids Go Bad
11%
9 7 Thanksgiving 4 WWTD Winner Winner Turkey Dinner
11%
3 8 Rand-aid ATF After the Fire
9%
5 11 Phil in jail AOTGO And One to Grow On
9%
4 14 Phantom ASATO A Slight at the Opera
9%
1 20 basketball and a new boss B Benched
9%
7 12 Mrs. Clutterworth CFAD Clean for a Day
9%
7 21 murder mysteries, geography lessons, and a wedding roast CT Crazy Train
9%
2 10 "your thunder is your thunder and my thunder is my thunder!" DDR Dance Dance Revelation
9%
9 12 Dunphy Games: Hospital Edition DBF Dear Beloved Family
9%
10 7 Hennifer Aniston DTCCTR Did the Chicken Cross the Road?
9%
3 12 intellectual property wars ED Egg Drop
9%
7 17 Madonna fixes all EY Express Yourself
9%
5 4 "'Missouri', 'misery'. Huh!" FS Farm Strong
9%
1 13 can people change? FP Fifteen Percent
9%
6 15 flying first-class isn't always all it's cracked up to be FOF Fight or Flight
9%
1 19 iPad release day GC Game Changer
9%
4 23 Jolene the RV GPP Games People Play
9%
10 5 Halloween 6 GG Good Grief
9%
1 8 Spandau Ballet GE Great Expectations
9%
8 5 Halloween 4: RORS Halloween 4: Revenge of Rod Skyhook
9%
3 5 confront thy enemy HAR Hit and Run
9%
10 8 Hayley's big secret KTD Kids These Days
9%
5 3 winnowing down LW Larry's Wife
9%
9 10 Alex and Luke's side business NSF No Small Feet
9%
4 5 Halloween 2 OHOH Open House of Horrors
9%
3 3 Claire vs a crossing guard; Phil vs a personal challenge POW Phil on Wire
9%
8 17 a special moon and a string of favors PMR Pig Moon Rising
9%
11 4 lessons in self-consciousness PP Pool Party
9%
6 7 Haley and Andy's secrets QEFH Queer Eyes, Full Hearts
9%
6 13 Joe's health, Jay's Choice RD Rash Decisions
9%
8 11 the healing power of wine and weddings SAP Sarge & Pea
9%
2 20 bad parenting under a microscope STWOL Someone to Watch Over Lily
9%
7 11 exit the ducks SYW Spread Your Wings
9%
10 18 Phil's attempt to be Mr. Miyagi SBYM Stand by Your Man
9%
5 1 the proposal(s) SLS Suddenly, Last Summer
9%
7 1 "the neck is the 'v'!" SL Summer Lovin
9%
3 23 freedom from want TV Tableau Vivant
9%
9 6 a special anniversary TYL Ten Years Later
9%
5 9 bros just chili'n TBG The Big Game
9%
2 24 siblings trapped in a treehouse with wine TOTGA The One That Got Away
9%
7 14 Lily's unexpected pool party TS The Storm
9%
5 13 Mitch and Cam ruin a proposal TD Three Dinners
9%
1 21 "he took my dog." TWS Travels with Scout
9%
1 11 Colombian charm UAN Up All Night
9%
4 9 Cats! WATF When a Tree Falls
9%
11 6 Luke's business pitch AGOC A Game of Chicken
6%
5 19 an emasculating wedding topper AHJN A Hard Jay's Night
6%
8 20 lessons in feminism ATBE All Things Being Equal
6%
10 21 Graduation 4 C Commencement
6%
4 10 "I'm gonna be mother of the year!" DITR Diamond in the Rough
6%
5 2 high school, closets, and a reverse-mortgage commercial FD First Days
6%
8 6 learning to live on crumbs GI Grab It
6%
11 16 a new house IGTMT I'm Going to Miss This
6%
3 14 the sanctity of kissing and laughing MJ Me? Jealous?
6%
4 8 boys' night MD Mistery Date
6%
4 22 Teddy MH My Hero
6%
10 6 over-wooing the wobbler OTSP On the Same Paige
6%
5 17 the cultured foursome falls apart OPC Other People's Children
6%
4 12 a fake-out and a first kiss PC Party Crasher
6%
11 3 the exploitation of the twins PP Perfect Pairs
6%
7 7 breaking, entering, and romancing PSSH Phil's Sexy, Sexy House
6%
10 9 Dede reborn PDR Putting Down Roots
6%
2 16 listening too little in one house; singing too much in another RO Regrets Only
6%
9 4 the gay parenting face-off SLAK Sex, Lies and Kickball
6%
8 9 "your thunder is your thunder and my thunder is my thunder!" SB Snow Ball
6%
5 10 Christmas 3 TOMATT The Old Man & the Tree
6%
8 4 meet Rainer WH Weathering Heights
6%
10 14 Cam and Mitch meet a favorite influencer WNTTAL We Need to Talk About Lily
6%
6 5 the realtor's dilemma WYBON Won't You Be Our Neighbor
6%
5 7 the Dadbeats and Chinese acrobats AFTR A Fair to Remember
4%
6 24 Graduation 2 AS American Skyper
4%
11 15 decision paralysis BS Baby Steps
4%
9 19 Gloria v. NERP CAS CHiPs and Salsa
4%
7 22 Claire's managerial plight over an arcade game score DC Double Click
4%
4 15 Valentine's Day 3 HB Heart Broken
4%
9 5 Halloween 5 ITGPPD It's the Great Pumpkin, Phil Dunphy
4%
10 2 Hayley's hard choice KAT Kiss and Tell
4%
5 22 an old voicemail creates a new problem MR Message Received
4%
6 22 co-valedictorians PG Patriot Games
4%
3 21 the big kahuna on campus PTAC Planes, Trains and Cars
4%
10 16 "let me talk to the earth goddess." RA Red Alert
4%
8 10 New Year's 2 RK Ringmaster Keifth
4%
9 17 couple's retreat RV Royal Visit
4%
6 9 Jay and Gloria's party pickiness SITN Strangers in the Night
4%
6 12 senior citizens vs a boat TBG The Big Guns
4%
7 16 Phil and Claire rediscover flirting TCU The Cover-Up
4%
9 21 jogging memory and a basement TE The Escape
4%
4 18 Trojan "fish of gold" TWF The Wow Factor
4%
10 4 a walking heart and a supervillain origin story TBTW Torn Between Two Lovers
4%
9 9 Phil the survivalist TL Tough Love
4%
11 8 setting up two wacky in-laws TAC Tree's A Crowd
4%
9 14 Valentine's Day 6 WITS Written in the Stars
4%
10 19 Shakespeare and sunrise swingers YW Yes-Woman
4%
8 21 like father, like son; like son, like father AT Alone Time
2%
10 11 a second heartbeat AMD A Moving Day
2%
10 3 vengeful court artist ASA A Sketchy Area
2%
8 2 Alex, the smart canine home-bummer ASD A Stereotypical Day
2%
8 3 Luke and Manny become opponents B Blindsided
2%
9 8 failure at lunch BWC Brushes with Celebrity
2%
10 20 celebration snowballing CE Can't Elope
2%
9 3 Phil flubs his lucky ritual COTD Catch of the Day
2%
2 13 anniversary CITA Caught in the Act
2%
6 23 Claire's career choice COL Crying Out Loud
2%
11 12 Margret wants to retire and Phil doesn't want to go to space DOAR Dead on a Rival
2%
8 14 parties, promotions, and pampering HITH Heavy is the Head
2%
11 11 remembering a giant penguin phenomenon L Legacy
2%
7 10 counting cricket consumption P Playdates
2%
7 4 ducks need a home too! SC She Crazy
2%
9 15 ambiguous bedroom desires SFTM Spanks for the Memories
2%
4 4 balancing opposing forces TBE The Butler's Escape
2%
7 3 Mitch's poor consulting decision TCC The Closet Case
2%
7 6 teenagers gone wild TMYIM The More You Ignore Me
2%
7 13 Auntie Alice and the Sexy Sign TITT Thunk in the Trunk
2%
1 17 Shell Silverstein TBT Truth Be Told
2%
6 14 Valentine's Day 4: TS Valentine's Day 4: Twisted Sister
2%
10 13 a Pritchett-Dunphy panel W Whanex?
2%
10 12 ancestor face-off PFTP Blasts from the Past
0%
10 10 Christmas 5 SIAM Stuck in a Moment
0%
No matching quizzes found
Score Distribution
Percent of People with Each Score
Percentile by Number Answered
Your Score History
You have not taken this quiz